Première dame d'un président de la v république - Statistiques

Statistiques générales
  • Ce quiz a été pris 30 fois
  • Le résultat moyen est 6 sur 9
Statistiques - réponses
Président Première dame % Correct
Emanuel Brigitte
100%
Nicolas Sarkozy Carla
96%
Jacques Chirac Bernadette
89%
François Hollande Valérie
70%
Charles De Gaulle Yvonne
67%
Valérie Giscard Estaing Anne Aymone
56%
Nicolas Sarkozy Cécilia
56%
François Mitterrand Danielle
48%
Georges Pompidou Claude
44%
Aucun quiz correspondant
Distribution des résultats
% des personnes avec chaque résultat
Percentile par nombre de réponses
Votre historique - résultats
Vous n’avez pas pris ce quiz